书目信息 |
| 题名: |
强国策
|
|
| 作者: | 张幼文 著 | |
| 分册: | ||
| 出版信息: | 北京 人民出版社 2013.9 |
|
| 页数: | 561页 | |
| 开本: | 24cm | |
| 丛书名: | ||
| 单 册: | ||
| 中图分类: | F125.1 | |
| 科图分类: | ||
| 主题词: | 对外开放--经济政策--研究--中国 | |
| 电子资源: | ||
| ISBN: | 978-7-01-011864-2 | |
| 000 | 01018nam0 2200241 450 | |
| 001 | 351788 | |
| 005 | 20161017104010.05 | |
| 010 | @a978-7-01-011864-2@dCNY74.00 | |
| 100 | @a20131014d2013 em y0chiy50 ea | |
| 101 | 0 | @achi |
| 102 | @aCN@b110000 | |
| 105 | @aa z 001yy | |
| 106 | @ar | |
| 200 | 1 | @a强国策@e中国开放型经济发展的国际战略@f张幼文等著 |
| 210 | @a北京@c人民出版社@d2013.9 | |
| 215 | @a561页@c图@d24cm | |
| 330 | @a本书从2008年金融危机改变世界经济格局,中国国际地位显著提升的最新现实出发,系统研究了中国在建设经济强国中开放型经济发展新的战略主题,其中包括:根据国际经济地位的变化推进对外开放战略的转型升级;积极参与国际金融体系改革与国际合作,建设开放型金融体系;积极参与国际货币体系改革,在人民币国际化中提升货币的国际地位;转变贸易结构与贸易方式,从贸易大国走向贸易强国等。 | |
| 517 | 1 | @a中国开放型经济发展的国际战略 |
| 606 | 0 | @a对外开放@x经济政策@x研究@y中国 |
| 690 | @aF125.1@v5 | |
| 701 | 0 | @a张幼文@f(1951.7~)@4著 |
| 801 | 0 | @aCN@bTANGWEI@c20161009 |
| 905 | @b0896520-4@dF125.1@e271@f5 | |
| 强国策:中国开放型经济发展的国际战略/张幼文等著.-北京:人民出版社,2013.9 |
| 561页:图;24cm |
| ISBN 978-7-01-011864-2:CNY74.00 |
| 本书从2008年金融危机改变世界经济格局,中国国际地位显著提升的最新现实出发,系统研究了中国在建设经济强国中开放型经济发展新的战略主题,其中包括:根据国际经济地位的变化推进对外开放战略的转型升级;积极参与国际金融体系改革与国际合作,建设开放型金融体系;积极参与国际货币体系改革,在人民币国际化中提升货币的国际地位;转变贸易结构与贸易方式,从贸易大国走向贸易强国等。 |
| ● |
| 相关链接 |
|
|
|
|
正题名:强国策
索取号:F125.1/271
 
预约/预借
| 序号 | 登录号 | 条形码 | 馆藏地/架位号 | 状态 | 备注 |
| 1 | 0896520 | 208965208 | 第一样本阅览室/ [索取号:F125.1/271] | 在馆 | |
| 2 | 0896521 | 208965217 | 第一借阅区/ [索取号:F125.1/271] | 在馆 | |
| 3 | 0896522 | 208965226 | 第一借阅区/ [索取号:F125.1/271] | 在馆 | |
| 4 | 0896523 | 208965235 | 第一借阅区/ [索取号:F125.1/271] | 在馆 | |
| 5 | 0896524 | 208965244 | 第一借阅区/ [索取号:F125.1/271] | 在馆 |